[Event "IECC TH-M-3639"]
[Site "IECC email"]
[Date "2021.07.18"]
[Round "?"]
[White "Mariani, Danilo"]
[Black "Wood, Brian"]
[Result "0-1"]
[WhiteElo "1500"]
[BlackElo "1469"]
[PlyCount "78"]
[EventDate "2021.??.??"]
[EventType "tourn (corr)"]
[SourceTitle "Corr 2024"]
[Source "ChessBase"]
[SourceDate "2023.10.19"]
[SourceVersion "1"]
[SourceVersionDate "2023.10.19"]
[SourceQuality "1"]
[WhiteTeam "Italien"]
[BlackTeam "Vereinigte Staaten"]
[WhiteTeamCountry "ITA"]
[BlackTeamCountry "USA"]

1. d4 d5 2. Bf4 Nf6 3. e3 c5 4. c3 Nc6 5. Nd2 Bg4 6. Ngf3 Qb6 7. dxc5 Qxc5 8. Be2 e6 9. 0-0 Rd8 10. Rc1 Qb6 11. Nb3 Be7 12. h3 Bxf3 13. Bxf3 0-0 14. Qe2 e5 15. Bg3 e4 16. Bg4 Na5 17. Nd4 Nxg4 18. Qxg4 g6 19. b3 h5 20. Qe2 a6 21. f4 f5 22. Be1 Ba3 23. Rd1 Rf7 24. c4 dxc4 25. Bxa5 Qxa5 26. Qxc4 b5 27. Qe6 Rd6 28. Qe5 Qc3 29. Rfe1 Qc5 30. Rc1 Qxe5 31. Rc8+ Kg7 32. fxe5 Rd5 33. e6 Re7 34. Rc6 Bb4 35. Re2 Bc5 36. Nc2 Kf6 37. b4 Bd6 38. Rxa6 Rxe6 39. Nd4 Bh2+ 0-1

[Event "IECC CL5-2018.02 email"]
[Site "IECC email"]
[Date "2018.08.29"]
[Round "?"]
[White "Mariani, Danilo"]
[Black "Watson, Roger E"]
[Result "0-1"]
[WhiteElo "1470"]
[BlackElo "1577"]
[PlyCount "84"]
[EventDate "2018.??.??"]
[EventType "tourn (corr)"]
[EventRounds "4"]
[SourceTitle "Corr 2020"]
[Source "ChessBase"]
[SourceDate "2019.09.30"]
[SourceVersion "1"]
[SourceVersionDate "2019.09.30"]
[SourceQuality "1"]
[WhiteTeam "Italy"]
[BlackTeam "United States"]
[WhiteTeamCountry "ITA"]
[BlackTeamCountry "USA"]

1. d4 f5 2. g3 Nf6 3. Bg2 g6 4. Nf3 Bg7 5. 0-0 0-0 6. c4 d6 7. Nc3 Qe8 8. d5 Na6 9. Rb1 Nc5 10. Nb5 Qd8 11. Nbd4 Bd7 12. Ng5 Qc8 13. Qc2 a5 14. b4 axb4 15. Rxb4 b6 16. Nge6 Bxe6 17. dxe6 Nfe4 18. e3 Nxe6 19. Ne2 N6c5 20. f3 Nf6 21. a3 e5 22. Rd1 Qe8 23. Nc3 e4 24. Nd5 Nxd5 25. cxd5 exf3 26. Bxf3 Bh6 27. Re1 f4 28. gxf4 Bxf4 29. Qe2 Be5 30. Rf1 Qe7 31. Bg4 Rxf1+ 32. Qxf1 Rf8 33. Qe2 Qf6 34. Bb2 Bxb2 35. Rxb2 Ne4 36. Be6+ Kg7 37. Qg2 Qc3 38. h3 Qxe3+ 39. Kh2 Qf4+ 40. Kg1 Qc1+ 41. Kh2 Rf1 42. Ra2 Qf4+ 0-1

[Event "P-5064"]
[Site "IECC email"]
[Date "2017.11.09"]
[Round "?"]
[White "Mariani, Danilo"]
[Black "Dotti Contra, Alessandro"]
[Result "0-1"]
[WhiteElo "1476"]
[BlackElo "1569"]
[PlyCount "58"]
[EventDate "2017.??.??"]
[EventType "tourn (corr)"]
[SourceTitle "Corr 2020"]
[Source "ChessBase"]
[SourceDate "2019.09.30"]
[SourceVersion "1"]
[SourceVersionDate "2019.09.30"]
[SourceQuality "1"]
[WhiteTeam "Italy"]
[BlackTeam "Italy"]
[WhiteTeamCountry "ITA"]
[BlackTeamCountry "ITA"]

1. d4 d5 2. c4 e6 3. Nc3 Nf6 4. cxd5 exd5 5. Bg5 Be7 6. Qc2 Nc6 7. e3 0-0 8. a3 h6 9. Bh4 Be6 10. Bd3 g6 11. Bxg6 fxg6 12. Qxg6+ Kh8 13. Qxh6+ Nh7 14. Qxe6 Bxh4 15. Nf3 Nxd4 16. Nxd4 Bxf2+ 17. Ke2 Qg5 18. Qh3 Rae8 19. Nd1 Qf6 20. Kd3 Qg6+ 21. Kd2 c5 22. Nf3 d4 23. exd4 Bxd4 24. Re1 Bg7 25. Rxe8 Rxe8 26. g4 Qd6+ 27. Kc1 Re2 28. Nd4 Qxd4 29. Qc3 Qf4+ 0-1

[Event "IECC Swiss-576.4"]
[Site "IECC email"]
[Date "2017.03.31"]
[Round "?"]
[White "Lixa, Alberto"]
[Black "Mariani, Danilo"]
[Result "1-0"]
[WhiteElo "1744"]
[BlackElo "1485"]
[PlyCount "69"]
[EventDate "2017.??.??"]
[EventType "swiss (corr)"]
[EventRounds "1"]
[SourceTitle "Corr 2020"]
[Source "ChessBase"]
[SourceDate "2019.09.30"]
[SourceVersion "1"]
[SourceVersionDate "2019.09.30"]
[SourceQuality "1"]
[WhiteTeam "Portugal"]
[BlackTeam "Italy"]
[WhiteTeamCountry "POR"]
[BlackTeamCountry "ITA"]

1. d4 d5 2. c4 c6 3. Nf3 dxc4 4. e3 Be6 5. a4 Nf6 6. Nc3 g6 7. Ng5 Bd5 8. e4 h6 9. exd5 hxg5 10. Bxc4 cxd5 11. Bb5+ Nc6 12. Bxg5 Bg7 13. 0-0 Qd6 14. h3 Kf8 15. Re1 e6 16. Bxc6 bxc6 17. Qf3 Nd7 18. Bf4 e5 19. dxe5 Nxe5 20. Qe3 f6 21. Rad1 Qe7 22. Bg3 Re8 23. f4 Nc4 24. Qd3 Qf7 25. Rxe8+ Qxe8 26. Re1 Qf7 27. Bf2 f5 28. Bc5+ Kg8 29. Re7 Qf6 30. Nxd5 cxd5 31. Qxd5+ Kh7 32. Qxc4 Kh6 33. g4 Qxb2 34. g5+ Kh5 35. Rxg7 1-0

[Event "IECC Swiss-577.3"]
[Site "IECC email"]
[Date "2017.01.18"]
[Round "?"]
[White "Mariani, Danilo"]
[Black "Blackman, Leon"]
[Result "0-1"]
[WhiteElo "1439"]
[BlackElo "1783"]
[PlyCount "48"]
[EventDate "2017.??.??"]
[EventType "swiss (corr)"]
[EventRounds "1"]
[SourceTitle "Corr 2020"]
[Source "ChessBase"]
[SourceDate "2019.09.30"]
[SourceVersion "1"]
[SourceVersionDate "2019.09.30"]
[SourceQuality "1"]
[WhiteTeam "Italy"]
[BlackTeam "Australia"]
[WhiteTeamCountry "ITA"]
[BlackTeamCountry "AUS"]

1. d4 Nf6 2. c4 e6 3. Nc3 Bb4 4. Qc2 0-0 5. e4 d5 6. e5 Ne4 7. a3 Bxc3+ 8. bxc3 c5 9. Bb2 cxd4 10. cxd4 Bd7 11. Bd3 Qa5+ 12. Ke2 Ba4 13. Qc1 Nc6 14. Nf3 f6 15. Re1 fxe5 16. dxe5 Qb6 17. Rf1 Nc5 18. Bc2 dxc4 19. Bc3 Bxc2 20. Qxc2 Nd3 21. g3 Rad8 22. Qb1 Qc5 23. a4 Rf7 24. Bd2 Qd5 0-1

[Event "IECC CL5-2016.05 email"]
[Site "IECC email"]
[Date "2016.12.21"]
[Round "?"]
[White "Domingues, Marcos"]
[Black "Mariani, Danilo"]
[Result "1-0"]
[WhiteElo "1859"]
[BlackElo "1435"]
[PlyCount "91"]
[EventDate "2016.??.??"]
[EventType "tourn (corr)"]
[EventRounds "4"]
[SourceTitle "Corr 2020"]
[Source "ChessBase"]
[SourceDate "2019.09.30"]
[SourceVersion "1"]
[SourceVersionDate "2019.09.30"]
[SourceQuality "1"]
[WhiteTeam "Brazil"]
[BlackTeam "Italy"]
[WhiteTeamCountry "BRA"]
[BlackTeamCountry "ITA"]

1. c4 Nf6 2. g3 e6 3. d4 c5 4. Nf3 cxd4 5. Nxd4 d5 6. Bg2 e5 7. Nf3 d4 8. 0-0 Nc6 9. e3 Be7 10. exd4 exd4 11. Bf4 0-0 12. Ne5 Qb6 13. Qb3 Na5 14. Qxb6 axb6 15. Nd2 Nh5 16. Rfe1 Nxf4 17. gxf4 Bb4 18. Rad1 Be6 19. a3 Bxd2 20. Rxd2 Rfd8 21. b4 Nxc4 22. Nxc4 Bxc4 23. Bxb7 Rab8 24. Re4 g6 25. Rexd4 Rxd4 26. Rxd4 Be6 27. Bc6 Kf8 28. b5 Ke7 29. Kf1 Rd8 30. Rxd8 Kxd8 31. Ke2 Kc7 32. Kd3 Kd6 33. Kd4 f6 34. Be4 Bb3 35. Kc3 Bf7 36. Kb4 Ba2 37. a4 Bf7 38. a5 Kc7 39. a6 Kb8 40. h4 Ka7 41. f5 Be8 42. fxg6 hxg6 43. f4 Bf7 44. f5 g5 45. hxg5 fxg5 46. Bf3 1-0

[Event "IECC Swiss-578.2"]
[Site "IECC email"]
[Date "2016.12.07"]
[Round "?"]
[White "Mariani, Danilo"]
[Black "Domingues, Marcos"]
[Result "0-1"]
[WhiteElo "1461"]
[BlackElo "1776"]
[PlyCount "72"]
[EventDate "2016.??.??"]
[EventType "swiss (corr)"]
[EventRounds "1"]
[SourceTitle "Corr 2020"]
[Source "ChessBase"]
[SourceDate "2019.09.30"]
[SourceVersion "1"]
[SourceVersionDate "2019.09.30"]
[SourceQuality "1"]
[WhiteTeam "Italy"]
[BlackTeam "Brazil"]
[WhiteTeamCountry "ITA"]
[BlackTeamCountry "BRA"]

1. Nf3 d5 2. c4 d4 3. g3 c5 4. b4 cxb4 5. a3 bxa3 6. Bxa3 Nc6 7. Bg2 e5 8. Bxf8 Kxf8 9. d3 g6 10. 0-0 Kg7 11. Nbd2 Nge7 12. Qb3 Rb8 13. Rfb1 Rf8 14. Qa3 f6 15. Ne4 b6 16. Ne1 Bg4 17. f3 Bf5 18. Nd6 Be6 19. c5 Qd7 20. Rb5 Rfd8 21. f4 exf4 22. gxf4 Bd5 23. cxb6 Bxg2 24. bxa7 Rxb5 25. Nxb5 Bd5 26. Nf3 Qg4+ 27. Kf2 Bxf3 28. exf3 Qxf4 29. Ra2 Qxh2+ 30. Ke1 Qg1+ 31. Kd2 Ra8 32. Kc2 Nd5 33. Qc5 Ncb4+ 34. Kb3 Qd1+ 35. Ka3 Qxd3+ 36. Ka4 Nxa2 0-1

[Event "IECC Swiss-576.3"]
[Site "IECC email"]
[Date "2016.11.24"]
[Round "?"]
[White "Mariani, Danilo"]
[Black "Bertel, Michael"]
[Result "0-1"]
[WhiteElo "1484"]
[BlackElo "1842"]
[PlyCount "60"]
[EventDate "2016.??.??"]
[EventType "swiss (corr)"]
[EventRounds "1"]
[SourceTitle "Corr 2020"]
[Source "ChessBase"]
[SourceDate "2019.09.30"]
[SourceVersion "1"]
[SourceVersionDate "2019.09.30"]
[SourceQuality "1"]
[WhiteTeam "Italy"]
[BlackTeam "United States"]
[WhiteTeamCountry "ITA"]
[BlackTeamCountry "USA"]

1. d4 Nf6 2. c4 e6 3. Nf3 d5 4. Nc3 c5 5. e3 Nc6 6. a3 a6 7. dxc5 Bxc5 8. b4 Bd6 9. Bb2 0-0 10. Qc2 a5 11. b5 Ne5 12. Nxe5 Bxe5 13. c5 Qe7 14. Na4 Bxb2 15. Qxb2 e5 16. Be2 Bf5 17. 0-0 Rfd8 18. Rfd1 d4 19. exd4 Rxd4 20. Nb6 Rad8 21. Nc4 Qxc5 22. Nxa5 Rxd1+ 23. Bxd1 Rd5 24. a4 Qc7 25. Nb3 e4 26. Be2 Ng4 27. g3 Qb6 28. Rf1 e3 29. Kg2 Nxf2 30. a5 Be4+ 0-1

[Event "IECC Swiss-580.1"]
[Site "IECC email"]
[Date "2016.10.26"]
[Round "?"]
[White "Domingues, Marcos"]
[Black "Mariani, Danilo"]
[Result "1-0"]
[WhiteElo "1486"]
[BlackElo "1500"]
[PlyCount "53"]
[EventDate "2016.??.??"]
[EventType "swiss (corr)"]
[EventRounds "1"]
[SourceTitle "Corr 2020"]
[Source "ChessBase"]
[SourceDate "2019.09.30"]
[SourceVersion "1"]
[SourceVersionDate "2019.09.30"]
[SourceQuality "1"]
[WhiteTeam "Brazil"]
[BlackTeam "Italy"]
[WhiteTeamCountry "BRA"]
[BlackTeamCountry "ITA"]

1. d4 Nf6 2. c4 c5 3. d5 b5 4. cxb5 a6 5. bxa6 Bxa6 6. Nc3 g6 7. Nf3 d6 8. e4 Bxf1 9. Kxf1 Nbd7 10. g3 Bg7 11. Kg2 0-0 12. a4 Qb6 13. Qe2 Rfb8 14. Bd2 Qb7 15. Nb5 Rc8 16. Bc3 c4 17. Rhc1 Nc5 18. Bxf6 Bxf6 19. Rxc4 Ra5 20. e5 dxe5 21. Rac1 Qxd5 22. b4 Rxa4 23. Nc3 Qa8 24. Nxa4 Qxa4 25. Rxc5 Rxc5 26. bxc5 Qc6 27. Rc4 1-0

[Event "IECC CL5-2016.02 email"]
[Site "IECC email"]
[Date "2016.05.12"]
[Round "?"]
[White "Hargreaves, Richard"]
[Black "Mariani, Danilo"]
[Result "1-0"]
[WhiteElo "1550"]
[BlackElo "1444"]
[PlyCount "39"]
[EventDate "2016.??.??"]
[EventType "tourn (corr)"]
[EventRounds "4"]
[SourceTitle "Corr 2020"]
[Source "ChessBase"]
[SourceDate "2019.09.30"]
[SourceVersion "1"]
[SourceVersionDate "2019.09.30"]
[SourceQuality "1"]
[WhiteTeam "England"]
[BlackTeam "Italy"]
[WhiteTeamCountry "ENG"]
[BlackTeamCountry "ITA"]

1. e4 c5 2. Nf3 Nc6 3. Bb5 e6 4. 0-0 Nge7 5. d4 cxd4 6. Nxd4 Qb6 7. Nxc6 bxc6 8. Be2 Ng6 9. Nc3 Ba6 10. Na4 Qa5 11. Bxa6 Qxa6 12. b3 Be7 13. f4 Rd8 14. Bb2 Bf6 15. Bxf6 gxf6 16. f5 Ne5 17. fxe6 dxe6 18. Qh5 Rd2 19. Rxf6 Qe2 20. Rxe6+ 1-0

[Event "IECC Swiss-573.4"]
[Site "IECC email"]
[Date "2016.04.11"]
[Round "?"]
[White "Mariani, Danilo"]
[Black "Keiper, Archie"]
[Result "0-1"]
[WhiteElo "1418"]
[BlackElo "1806"]
[PlyCount "64"]
[EventDate "2016.??.??"]
[EventType "swiss (corr)"]
[EventRounds "1"]
[SourceTitle "Corr 2020"]
[Source "ChessBase"]
[SourceDate "2019.09.30"]
[SourceVersion "1"]
[SourceVersionDate "2019.09.30"]
[SourceQuality "1"]
[WhiteTeam "Italy"]
[BlackTeam "United States"]
[WhiteTeamCountry "ITA"]
[BlackTeamCountry "USA"]

1. e4 e5 2. Nf3 Nf6 3. d4 Nxe4 4. Bd3 d5 5. Nxe5 Bd6 6. 0-0 Bxe5 7. dxe5 Nc5 8. Be3 Nxd3 9. Qxd3 0-0 10. Rd1 c6 11. c4 Nd7 12. cxd5 Nxe5 13. Qe4 Qf6 14. Bd4 Re8 15. Nc3 Bf5 16. Qf4 Ng6 17. Qg3 Qe7 18. dxc6 bxc6 19. f3 a5 20. Rac1 Rab8 21. Na4 Rbd8 22. Bc3 Bc2 23. Re1 Qa7+ 24. Kh1 Bxa4 25. h4 h5 26. Qg5 Bb5 27. Qxh5 Be2 28. Qg4 Qf2 29. h5 Ne5 30. Qh3 Re6 31. Rc2 Nxf3 32. Qh4 Rd4 0-1

[Event "P-4960"]
[Site "IECC email"]
[Date "2015.02.25"]
[Round "?"]
[White "Mariani, Danilo"]
[Black "Graupera, Carlos"]
[Result "0-1"]
[WhiteElo "1477"]
[BlackElo "1560"]
[PlyCount "26"]
[EventDate "2015.??.??"]
[EventType "tourn (corr)"]
[SourceTitle "Corr 2020"]
[Source "ChessBase"]
[SourceDate "2019.09.30"]
[SourceVersion "1"]
[SourceVersionDate "2019.09.30"]
[SourceQuality "1"]
[WhiteTeam "Italy"]
[BlackTeam "United States"]
[WhiteTeamCountry "ITA"]
[BlackTeamCountry "USA"]

1. e4 e6 2. d4 d5 3. Nc3 Nf6 4. e5 Nfd7 5. f4 c5 6. Nf3 Nc6 7. Be3 Be7 8. Qd2 0-0 9. 0-0-0 c4 10. f5 b5 11. fxe6 fxe6 12. Bg5 b4 13. Bxe7 bxc3 0-1

[Event "IECC Swiss-573.1"]
[Site "IECC email"]
[Date "2014.11.17"]
[Round "?"]
[White "Mariani, Danilo"]
[Black "Crowley, Mike"]
[Result "0-1"]
[WhiteElo "1535"]
[BlackElo "1306"]
[PlyCount "140"]
[EventDate "2014.??.??"]
[EventType "swiss (corr)"]
[EventRounds "1"]
[SourceTitle "Corr 2020"]
[Source "ChessBase"]
[SourceDate "2019.09.30"]
[SourceVersion "1"]
[SourceVersionDate "2019.09.30"]
[SourceQuality "1"]
[WhiteTeam "Italy"]
[BlackTeam "United States"]
[WhiteTeamCountry "ITA"]
[BlackTeamCountry "USA"]

1. e4 e5 2. Nf3 Nc6 3. Bb5 a6 4. Bxc6 dxc6 5. 0-0 Bg4 6. h3 Bxf3 7. Qxf3 Qf6 8. Qg3 0-0-0 9. d3 h6 10. Nd2 Bd6 11. Nc4 Ne7 12. Bd2 Ng6 13. a4 Nf4 14. Kh1 g5 15. Bc3 h5 16. Rae1 g4 17. h4 Rhe8 18. Ne3 Ng6 19. Nf5 Bc5 20. Bd2 Be7 21. Bg5 Qh8 22. Nxe7+ Nxe7 23. f3 f6 24. Bd2 f5 25. exf5 Nxf5 26. Qf2 Rf8 27. Bc3 Rde8 28. f4 g3 29. Qf3 Nxh4 30. Qxg3 Nf5 31. Qh3 Qg8 32. fxe5 Qg6 33. Rf3 Kb8 34. Kh2 Nh6 35. Rxf8 Rxf8 36. e6 Ng4+ 37. Kg1 Nf2 38. Qh4 Ng4 39. Qe7 Qf5 40. Qh4 Rg8 41. e7 Qg6 42. Rf1 Qh6 43. Bd4 b6 44. Qg3 Re8 45. Bxb6 Rxe7 46. Ba5 Qg5 47. Qf3 Qc5+ 48. Kh1 Kb7 49. Bc3 Qd6 50. Qh3 Re2 51. Qxh5 Qg3 52. Qh3 Nf2+ 53. Rxf2 Qxf2 54. Qg4 Rxc2 55. Qb4+ Qb6 56. Qe4 Qc5 57. a5 Rc1+ 58. Kh2 Rd1 59. d4 Qd6+ 60. Kh3 Rh1+ 61. Kg4 Qh2 62. Kf3 Rf1+ 63. Ke2 Rf4 64. Qg6 Qh4 65. Kd3 Rg4 66. Qf7 Rg3+ 67. Kc4 Qg5 68. Kb3 Qxa5 69. Qe7 Qd5+ 70. Ka4 a5 0-1

[Event "IECC CL5-2014.03 email"]
[Site "IECC email"]
[Date "2014.06.20"]
[Round "?"]
[White "Mariani, Danilo"]
[Black "Vann, Robin"]
[Result "1/2-1/2"]
[WhiteElo "1481"]
[BlackElo "1385"]
[PlyCount "128"]
[EventDate "2014.??.??"]
[EventType "tourn (corr)"]
[EventRounds "4"]
[SourceTitle "Corr 2020"]
[Source "ChessBase"]
[SourceDate "2019.09.30"]
[SourceVersion "1"]
[SourceVersionDate "2019.09.30"]
[SourceQuality "1"]
[WhiteTeam "Italy"]
[BlackTeam "England"]
[WhiteTeamCountry "ITA"]
[BlackTeamCountry "ENG"]

1. d4 Nf6 2. c4 e6 3. Nc3 Bb4 4. Qc2 0-0 5. e4 d5 6. e5 Ne4 7. Bd3 c5 8. cxd5 exd5 9. Nge2 cxd4 10. Nxd4 Qc7 11. 0-0 Bxc3 12. Bxe4 dxe4 13. Nb5 Qxe5 14. Nxc3 Bf5 15. Qb3 b6 16. Rd1 Be6 17. Nd5 Bxd5 18. Rxd5 Qe6 19. Bg5 Nd7 20. Rad1 Nc5 21. Qe3 Nd3 22. Qd4 f6 23. Be3 Qe7 24. a3 Rad8 25. f3 f5 26. f4 Rxd5 27. Qxd5+ Qf7 28. Qxf7+ Rxf7 29. Rd2 Rc7 30. Re2 Rc6 31. g3 a5 32. Kg2 b5 33. h3 b4 34. axb4 Nxb4 35. g4 g6 36. Kg3 Rc2 37. Rd2 Rxd2 38. Bxd2 Nd3 39. b3 Nc5 40. Bxa5 Nxb3 41. Bc3 Nc5 42. Kf2 Kf7 43. Ke3 Ke6 44. gxf5+ gxf5 45. Kd4 Nd7 46. Bd2 Nf6 47. Be3 Kf7 48. Ke5 Kg6 49. Ke6 Nh5 50. Ke5 Ng3 51. Bf2 Nf1 52. Kd4 Nd2 53. Ke3 Nf3 54. Ke2 h5 55. Ke3 Kf6 56. Ke2 Ke6 57. Ke3 Kd5 58. Ke2 Kc4 59. Ke3 h4 60. Ke2 Kc3 61. Ke3 Kb3 62. Ke2 Kc2 63. Be3 Kb3 64. Bf2 Kc4 1/2-1/2

[Event "IECC CL5-2014.01 email"]
[Site "IECC email"]
[Date "2014.03.24"]
[Round "?"]
[White "Ridding, Mark Frank"]
[Black "Mariani, Danilo"]
[Result "1-0"]
[WhiteElo "1542"]
[BlackElo "1530"]
[PlyCount "67"]
[EventDate "2014.??.??"]
[EventType "tourn (corr)"]
[EventRounds "4"]
[SourceTitle "Corr 2020"]
[Source "ChessBase"]
[SourceDate "2019.09.30"]
[SourceVersion "1"]
[SourceVersionDate "2019.09.30"]
[SourceQuality "1"]
[WhiteTeam "England"]
[BlackTeam "Italy"]
[WhiteTeamCountry "ENG"]
[BlackTeamCountry "ITA"]

1. e4 c5 2. Nf3 d6 3. Bb5+ Bd7 4. Bxd7+ Nxd7 5. 0-0 Ngf6 6. d3 g6 7. h3 Bg7 8. Nc3 0-0 9. Re1 Nb6 10. Bg5 Qd7 11. a4 a5 12. b3 Ng4 13. d4 cxd4 14. Nxd4 Rac8 15. Qd2 Ne5 16. Nd5 Nxd5 17. exd5 Rc5 18. c4 e6 19. dxe6 fxe6 20. f4 Nf7 21. Nxe6 Bxa1 22. Nxc5 Qc6 23. Ne6 Re8 24. Qxa5 b6 25. Qd5 Qd7 26. Kh2 Be5 27. Rxe5 Nxe5 28. fxe5 Rxe6 29. a5 Kf8 30. axb6 Rxe5 31. Bh6+ Ke7 32. Qa8 Rf5 33. b7 Qe6 34. Qa1 1-0

[Event "IECC CL5-2014.01 email"]
[Site "IECC email"]
[Date "2014.03.24"]
[Round "?"]
[White "Watson, Roger E"]
[Black "Mariani, Danilo"]
[Result "1/2-1/2"]
[WhiteElo "1452"]
[BlackElo "1522"]
[PlyCount "85"]
[EventDate "2014.??.??"]
[EventType "tourn (corr)"]
[EventRounds "4"]
[SourceTitle "Corr 2020"]
[Source "ChessBase"]
[SourceDate "2019.09.30"]
[SourceVersion "1"]
[SourceVersionDate "2019.09.30"]
[SourceQuality "1"]
[WhiteTeam "United States"]
[BlackTeam "Italy"]
[WhiteTeamCountry "USA"]
[BlackTeamCountry "ITA"]

1. e4 c5 2. Nf3 d6 3. d4 cxd4 4. Nxd4 Nf6 5. Nc3 a6 6. Bc4 e6 7. Bb3 b5 8. 0-0 Be7 9. Qf3 Qc7 10. Qg3 Nc6 11. Nxc6 Qxc6 12. Re1 Bb7 13. a3 0-0 14. Bh6 Ne8 15. Rad1 Kh8 16. Bg5 Bxg5 17. Qxg5 Nf6 18. Rd3 Rad8 19. Rg3 Rg8 20. Rh3 Qc5 21. Qh4 g5 22. Qg3 g4 23. Qf4 Qe5 24. Qxe5 dxe5 25. Rd3 Rd4 26. Red1 Rgd8 27. Ne2 R4d7 28. f3 Bc6 29. Ba2 h5 30. Kf2 Kg7 31. Ke3 Kh6 32. b4 Nh7 33. Rxd7 Rxd7 34. Rxd7 Bxd7 35. Nc1 Kg6 36. Nd3 Kf6 37. c4 Nf8 38. fxg4 hxg4 39. h3 gxh3 40. gxh3 Ng6 41. Kf3 Kg5 42. Kg3 Bc8 43. Bb3 1/2-1/2

[Event "IECC 2014-1.10"]
[Site "IECC email"]
[Date "2014.01.05"]
[Round "?"]
[White "Mariani, Danilo"]
[Black "Walsh, Kevin"]
[Result "1/2-1/2"]
[WhiteElo "1513"]
[BlackElo "1700"]
[PlyCount "123"]
[EventDate "2014.??.??"]
[EventType "tourn (corr)"]
[SourceTitle "Corr 2020"]
[Source "ChessBase"]
[SourceDate "2019.09.30"]
[SourceVersion "1"]
[SourceVersionDate "2019.09.30"]
[SourceQuality "1"]
[WhiteTeam "Italy"]
[BlackTeam "Ireland"]
[WhiteTeamCountry "ITA"]
[BlackTeamCountry "IRL"]

1. d4 d5 2. c4 e6 3. Nc3 c5 4. cxd5 exd5 5. Nf3 Nc6 6. g3 Nf6 7. Bg2 Be7 8. 0-0 0-0 9. dxc5 Bxc5 10. Bg5 d4 11. Bxf6 Qxf6 12. Nd5 Qd8 13. Nd2 Re8 14. Rc1 Bb6 15. Nc4 Bg4 16. Re1 Ba5 17. Nxa5 Qxa5 18. b4 Nxb4 19. Qxd4 Nxd5 20. Qxg4 Rad8 21. Qc4 b5 22. Qb3 Nf6 23. Bc6 Re5 24. Qb2 Rc5 25. Rxc5 Qxe1+ 26. Kg2 Ng4 27. Rf5 Rd1 28. Qxb5 g6 29. Rf4 Qg1+ 30. Kf3 Nxh2+ 31. Ke4 f5+ 32. Ke5 Ng4+ 33. Ke6 Rb1 34. Qa6 Qc1 35. Qc8+ Kg7 36. Qd7+ Kh6 37. Qe8 Qa3 38. Qe7 Qxa2+ 39. Kd7 Rd1+ 40. Ke8 Qg8+ 41. Qf8+ Qxf8+ 42. Kxf8 Rd8+ 43. Ke7 Rd2 44. Bb5 Rb2 45. Bd3 Kg7 46. Kd6 Ra2 47. f3 Nf6 48. g4 fxg4 49. fxg4 Ra5 50. Ke6 Rc5 51. g5 Nh5 52. Rf7+ Kg8 53. Rxa7 Rxg5 54. e4 Rc5 55. Kd6 Rc1 56. Ke5 Ng7 57. Rb7 h6 58. Bb1 Kh7 59. Kf4 h5 60. Bd3 Kh6 61. Rb6 Rg1 62. e5 1/2-1/2

[Event "IECC CL4-2013.05 email"]
[Site "IECC email"]
[Date "2013.10.23"]
[Round "?"]
[White "Mariani, Danilo"]
[Black "Martin, Dennis"]
[Result "1/2-1/2"]
[WhiteElo "1505"]
[BlackElo "1886"]
[PlyCount "107"]
[EventDate "2013.??.??"]
[EventType "tourn (corr)"]
[EventRounds "4"]
[SourceTitle "Corr 2020"]
[Source "ChessBase"]
[SourceDate "2019.09.30"]
[SourceVersion "1"]
[SourceVersionDate "2019.09.30"]
[SourceQuality "1"]
[WhiteTeam "Italy"]
[BlackTeam "United States"]
[WhiteTeamCountry "ITA"]
[BlackTeamCountry "USA"]

1. d4 Nf6 2. c4 e6 3. Nc3 Nc6 4. Nf3 Bb4 5. Qc2 d5 6. e3 0-0 7. Bd3 Bd6 8. a3 dxc4 9. Bxc4 Qe7 10. 0-0 e5 11. h3 a5 12. Bd2 a4 13. Nd5 Nxd5 14. Bxd5 exd4 15. exd4 Nxd4 16. Qd3 Nxf3+ 17. Qxf3 Qe5 18. g3 c6 19. Bc4 Bxh3 20. Rfe1 Qxb2 21. Bc3 Qb6 22. g4 Bc5 23. Ra2 Bxa3 24. Rxa3 Qc5 25. Qf4 Qxa3 26. Qe5 Qxc3 27. Qxc3 Bxg4 28. Re7 b5 29. Ba2 Ra6 30. Qe5 Raa8 31. Rb7 Bd1 32. Be6 a3 33. Qc7 Bh5 34. Ba2 Rac8 35. Qd6 h6 36. Qxa3 Ra8 37. Qb2 Ra4 38. Bb3 Rg4+ 39. Kf1 Bg6 40. Qc3 Be4 41. Ke2 Rf4 42. Qe5 Bf3+ 43. Kd2 g5 44. Qd6 Kg7 45. Bc2 Rf6 46. Qd3 Rh8 47. Qd4 c5 48. Rxf7+ Kxf7 49. Qd7+ Kf8 50. Qd8+ Kg7 51. Qe7+ Rf7 52. Qe5+ Rf6 53. Qe7+ Rf7 54. Qe5+ 1/2-1/2